[Event "CRO-chT U20 29th"]
[Site "Cakovec"]
[Date "2020.07.14"]
[Round "2.2"]
[White "Cecic Sule, Dino"]
[Black "Kristofic, Dino"]
[Result "1-0"]
[WhiteElo "1695"]
[BlackElo "1271"]
[PlyCount "67"]
[EventDate "2020.07.14"]
[EventType "team-tourn"]
[EventRounds "11"]
[EventCountry "CRO"]
[SourceTitle "CBM 197 Extra"]
[Source "ChessBase"]
[SourceDate "2020.09.30"]
[SourceVersion "1"]
[SourceVersionDate "2020.09.30"]
[SourceQuality "1"]
[WhiteTeam "Split Mornar U20"]
[BlackTeam "Mihovljan Sloboda U20"]
[WhiteTeamCountry "CRO"]
[BlackTeamCountry "CRO"]

1. d4 d5 2. Nf3 Bf5 3. Bf4 Nf6 4. e3 Nbd7 5. Bd3 Be4 6. Nbd2 e6 7. Bxe4 Nxe4 8. Nxe4 dxe4 9. Nd2 f5 10. c3 Rc8 11. Qb3 Bd6 12. Qxe6+ Qe7 13. Qxe7+ Bxe7 14. Nc4 Bf6 15. f3 b5 16. Nd2 exf3 17. Nxf3 0-0 18. Kf2 Nb6 19. Be5 Bxe5 20. Nxe5 c5 21. Rac1 b4 22. cxb4 cxd4 23. exd4 Nd5 24. a3 Nf4 25. g3 Ne6 26. Nc6 Rc7 27. d5 Ng5 28. Rhd1 Ne4+ 29. Kf3 Ng5+ 30. Kg2 f4 31. gxf4 Rxf4 32. d6 Rg4+ 33. Kh1 Nh3 34. Rf1 1-0